[Event "Las Vegas National op"]
[Site "Las Vegas"]
[Date "2011.06.10"]
[Round "2"]
[White "Amanov, Zhanibek"]
[Black "Atalik, Suat"]
[Result "0-1"]
[WhiteElo "2364"]
[BlackElo "2616"]
[Annotator "Atalik,S"]
[PlyCount "82"]
[EventDate "2011.06.10"]
[EventType "swiss"]
[EventRounds "6"]
[EventCountry "USA"]
[SourceTitle "EXT 2013"]
[Source "ChessBase"]
[SourceDate "2012.11.22"]
[SourceVersion "1"]
[SourceVersionDate "2012.11.22"]
[SourceQuality "1"]

1. e4 e5 2. Nf3 Nc6 3. Bb5 Nf6 4. d3 {Zhanibek goes for a combination of Gioco
Piano and Ruy Lopez.} d6 {I like this more than} ({the alternative} 4... Bc5 $5
5. Bxc6 (5. O-O Nd4 6. Nxd4 Bxd4 7. Nd2 c6 8. Ba4 d6 9. c3 Bb6 10. Nc4 Bc7 11.
Ne3 O-O 12. Qf3 g6 13. Bb3 Kg7 14. h3 Qe7 $13) (5. c3 O-O 6. O-O d6 7. Nbd2 a6
(7... Ne7 8. d4 exd4 9. cxd4 Bb6 $13) 8. Ba4 (8. Bxc6 bxc6 9. d4 exd4 10. cxd4
Bb6 11. Qc2 Re8 12. Re1 Bd7 13. b3 c5 $11) 8... Ba7 (8... Ne7 9. d4 exd4 10.
cxd4 Ba7) 9. h3 Ne7 10. Re1 Ng6 11. Nf1 c6 12. Ng3 d5 13. Bb3 dxe4 14. Nxe4
Nxe4 15. dxe4 h6 $11) 5... dxc6 6. Nbd2 (6. h3 O-O 7. Nbd2 Nd7 8. O-O Re8) 6...
O-O (6... Bg4 7. h3 Bxf3 8. Qxf3 Nd7 9. Nc4 Qe7 10. Bd2 $14) 7. Nc4 Nd7 8. Be3
Bd6 $14) 5. c3 ({is regarded a better move.} 5. O-O $142 Be7 (5... g6 6. d4 $1
Bd7 7. d5 Ne7 8. Bxd7+ Qxd7 9. Re1 Bg7 10. c4 O-O 11. Nc3 $14) 6. c3 O-O 7. Re1
(7. Nbd2 Bd7) 7... Bd7 8. Nbd2 Re8 9. Nf1 Bf8 10. Ng3 h6 11. h3 Ne7 12. Bxd7
Qxd7 13. d4 Ng6 $132) 5... g6 $1 {Now the fianchetto is possible.} 6. O-O Bg7
7. Re1 O-O 8. Nbd2 a6 {I have decided to transpose it to Morphy's Defence
lines.} 9. Ba4 (9. Bxc6 bxc6 10. d4 {is always a possibility.} Nd7 $13 (10...
exd4 11. cxd4 Re8 12. Qc2 Bd7 13. b3 c5 14. Bb2 cxd4 15. Bxd4 $14)) 9... b5 (
9... Nd7 $5 10. Nf1 Nc5 11. Bc2 Ne6 12. Ng3 Qf6 13. Be3 Nf4 14. h3 h5 $132) 10.
Bc2 Bb7 (10... Re8 {is the other move.} 11. Nf1 d5 12. Bg5 d4 13. cxd4 Nxd4 14.
Nxd4 Qxd4 15. Bb3 Be6 $1 {is the idea to keep the bishop for the other
diagonal.}) 11. a4 {To push a4 and then b4 with the idea also to include Nb3
is another line.} (11. Nf1 Nb8 $5 {a la Breyer is possible here as well.} 12.
Ng3 Nbd7 $13) 11... Qd7 (11... Re8 12. b4 (12. Nf1 d5 13. Qe2 b4) 12... Qd7 13.
Nb3 Bf8 {is what Kamsky has tried against Nepomniachy. Position looks better
for White but where is the improvement?}) (11... b4 12. Nc4) (11... Qc8 12. b4
Rd8 13. Nb3 Bf8 14. Bd2) 12. Nf1 ({I like} 12. b4 {more} Nh5 (12... Kh8 13. Nb3
Ng8 14. d4 $1) 13. Nb3 f5 (13... Rfe8 $6 14. Bd2 Bf8 15. d4 exd4 (15... bxa4 $2
16. Rxa4 Nxd4 17. cxd4 Qxa4 18. Nc5 Qc6 19. Ba4 Qb6 20. Nd7 Qa7 21. g4 $1 $18 {
is difficult to see at once.}) 16. cxd4 d5 17. Nc5 Bxc5 18. dxc5 (18. bxc5 dxe4
19. Bxe4 Nf6 $132 20. Ne5 $140 $2 Rxe5 21. dxe5 Nxe4 22. Rxe4 Qd5 $17) 18...
dxe4 19. Rxe4 (19. Bxe4 Nf6 20. Bc2 Nd4 21. Nxd4 Qxd4 $132) 19... Nf6 20. Rxe8+
Rxe8) 14. exf5 gxf5 15. Nxe5 $140 $2 Nxe5 16. Qxh5 Qc6 17. Qh3 Qxc3 $19) 12...
b4 $146 {An interesting sign of activity.} (12... d5 13. Qe2 Rfe8) 13. a5 $1
bxc3 14. bxc3 Na7 15. Ng3 Rfe8 16. Bd2 Rab8 17. Qc1 c5 18. Bh6 Bh8 19. h3 Bc6
20. d4 $5 {Simply bold!} (20. Qd2 Rb2) (20. c4 Qc7 21. Nf5 Bd7 22. Ne3 Nc6 $132
) 20... cxd4 21. cxd4 exd4 (21... Nb5 $5 22. d5 Bb7 23. Qd2 $14) 22. Nxd4 Bxe4
$1 {By this I have won a pawn but the outcome is very unclear.} (22... Nxe4 $4
23. Nxc6) 23. Ba4 (23. Bxe4 Nxe4 24. Nxe4 Bxd4 25. Qd1 Be5 $1 {holds.}) 23...
Nb5 24. Qd2 Ba8 25. Rxe8+ Nxe8 26. Bxb5 axb5 {Now Black has to be worried
about the a passer.} 27. Re1 Bg7 $2 {Push pawns, not drugs!} (27... b4 28. Ngf5
(28. Ndf5 Bc3) 28... Be5 29. Qg5 Kh8 30. f4 f6 31. Qg4 b3 $1 $17) 28. Bxg7 Nxg7
29. Qg5 Ne6 30. Qg4 $6 (30. Nxe6 fxe6 31. Nh5 Qf7 (31... Qd8 $1 32. Nf6+ Kf7
33. Nxh7 Qxg5 34. Nxg5+ Kf6 $17) 32. Nf6+ Kh8 33. Rd1) (30. Nh5 Nxg5 31. Nf6+
Kg7 32. Nxd7 Rd8 33. Nb6 $14) 30... Qb7 31. f3 Qa7 $6 (31... Nxd4 32. Qxd4 Qa6
$17) 32. Rxe6 $1 fxe6 33. Qxe6+ Qf7 34. Qxd6 $138 {In mutual time trouble,
White has achieved some real compensation. The main problem is that I have a
blind bishop after all.} Re8 35. Kh2 (35. Nxb5 Bxf3 36. gxf3 Qxf3 37. h4 $1 $11
{draws.} (37. Nf1 Re2 38. Qd8+ Kg7 39. Qd4+ $11)) 35... Rc8 36. Qb6 (36. Nxb5
Bxf3 37. gxf3 Rc2+ 38. Kg1 Qxf3 39. Qd8+ Kg7 40. Qd4+ Kf7 41. Qd7+ $11 {
results in perpetual.}) 36... Qd7 37. a6 Qd5 38. Ne4 $4 {With all the chances
on earth he blunders.} (38. a7 $1 $14) (38. Nxb5 $1 Rc2 $2 (38... Qc6 $14) 39.
Qb8+ Kg7 40. Ne4 $18) 38... Qe5+ 39. Kg1 Bxe4 40. fxe4 Qxe4 41. a7 $2 (41. Qd6
$8 b4 42. a7 $132 {is not simple at all.}) 41... Qe3+ 0-1

[Event "TUR-chT"]
[Site "Marmaris"]
[Date "2006.04.20"]
[Round "18"]
[White "Guseinov, Gadir"]
[Black "Atalik, Suat"]
[Result "0-1"]
[WhiteElo "2607"]
[BlackElo "2632"]
[Annotator "Atalik,S"]
[PlyCount "121"]
[EventDate "2006.04.18"]
[EventType "team"]
[EventRounds "19"]
[EventCountry "TUR"]
[SourceTitle "EXT 2008"]
[Source "ChessBase"]
[SourceDate "2007.11.25"]
[SourceVersion "1"]
[SourceVersionDate "2007.11.25"]
[SourceQuality "1"]

1. e4 e5 2. Nf3 Nc6 3. Bb5 a6 4. Ba4 Nf6 5. d3 $5 {Closed variation became
very popular these days even Gadir has picked it up.} d6 $5 {I like it closed
too.Some people combine b5 with Bc5 some go for early d5.} 6. c4 {Duras liked
this way of play.} Be7 {I prefer this to fianchetto the bishop but it is
debatable.} 7. h3 O-O 8. Be3 Nb8 $1 {Just like Breyer.Black prepares c6 and b5.
} 9. b4 (9. O-O c6 10. Nc3 b5 11. Bb3 Nbd7 $15) 9... c6 (9... a5 10. b5 Nbd7
11. Nc3 Nc5 12. O-O $13) (9... b5 10. cxb5 axb5 11. Bxb5 d5 12. O-O $13) 10.
O-O b5 11. Bc2 Nbd7 (11... a5 12. cxb5 axb4 13. bxc6 Nxc6 14. Nbd2 $11 {
looked too equal to me.}) 12. cxb5 axb5 13. d4 d5 14. Nbd2 $1 {Tension in the
center raises.} (14. dxe5 Nxe4 15. Qd4 f6 (15... f5 $5) 16. Bxe4 dxe4 17. Qxe4
Nxe5 18. Nxe5 fxe5 19. Qxc6 Ra6 20. Qxb5 Rg6 $44) 14... exd4 15. Nxd4 Bb7 16.
a3 {Draw offer.} dxe4 $6 {A risky move.In order to bring a playable position
for both sides I had to take risks.} (16... c5 $11 {leads practically to a
draw.}) 17. Nxe4 g6 (17... Re8 $6 18. Nf5 $40) (17... c5 18. Nxf6+ Bxf6 (18...
Nxf6 $2 19. Nf5 cxb4 20. Qxd8 Bxd8 21. Bc5 $16) 19. bxc5 Nxc5 20. Qh5 Ne4 $13)
(17... Nd5 18. Nf5) 18. Nb3 $1 (18. Qf3 $5 $14) 18... Nxe4 19. Bxe4 Bf6 20. Ra2
$2 {White loses his advantage with this.} (20. Bd4 Bxd4 21. Nxd4 (21. Qxd4 c5)
21... Qb6 22. Nb3 $16) 20... Qe7 21. Na5 $6 {I did not like this idea of
giving the pair of bishops however the resulting positions may be drawish.} (
21. f3 $5 $14 {would have still kept some edge.}) (21. Qc2 Rfe8 22. Bd3 Ne5 23.
Be2 Nc4 (23... Bc8 24. Nd4 Bd7) 24. Bxc4 bxc4 25. Nc5 c3 $13) 21... Qxe4 22.
Qxd7 (22. Nxb7 $2 Ne5 $17) 22... Bc8 23. Qxc6 Qxc6 24. Nxc6 Be6 25. Rd2 Rxa3
26. Bd4 Bxd4 27. Rxd4 Rc3 $15 {In the coming endgame we will see the
difference between bishop and knight.} 28. Na5 Rfc8 29. Re1 Rc1 30. Rxc1 Rxc1+
31. Kh2 {This is a tough position.White has the better piece but Rd4 and Na5
are placed rock solid.Black has to create a second weakness in the kingside to
prevail.} Kg7 32. Rd6 Rb1 33. Nc6 Bc4 34. h4 h5 35. Kg3 Bf1 36. Rd4 Rb3+ 37.
Kh2 Rc3 38. Ne5 (38. Na5 Kf6 {makes the king approach.}) 38... Kf6 39. Nd7+ Ke7
40. Rd1 Rc4 $2 {Typical for people of my caliber in chess.I thought that I
have played a great move but things shaped up differently.Yermo would have
never gone for this.He would have looked for a grinder.} (40... Bd3 $1 $17 {
would have tighten the screws.}) 41. g3 $4 {This is the losing move.
Interesting is that out of the other 3 alternatives I have missed lines in two
of them.} (41. Nb6 $2 Rxh4+ 42. Kg1 Bc4 43. g3 Re4 $19) (41. Ne5 $5 Rxh4+ 42.
Kg3 Rh1 43. Nc6+ {I have missed this and} (43. f3 h4+ 44. Kf2 Bxg2 45. Nc6+ $1
$11 (45. Rd7+ $2 Ke6 46. Kxg2 Rb1 $19)) 43... Ke6 44. f3 h4+ 45. Kf2 Bxg2 46.
Nd8+ Ke5 47. Nxf7+ Kf6 48. Rxh1 Bxh1 49. Nd6 Ke5 50. Nxb5 $11) (41. Nc5 Rxh4+
42. Kg1 Bxg2 (42... Bc4 $2 43. g3 Rg4 44. Re1+ Kf8 (44... Kd6 45. Ne4+ Kd5 46.
f3 $18) 45. Ne4 $16 {I have missed this one too.}) 43. Kxg2 Rxb4 $11 {shoul be
a draw.}) 41... Be2 42. Rd2 Rxb4 43. Ne5 Re4 $1 44. f4 Bg4 $5 {A strange move.}
(44... Bc4 45. Rd7+ Ke6 46. Rc7 (46. Rb7 f6) 46... Bd5 47. Kg1 b4 $19) 45. Nc6+
(45. Rd5 b4 46. Rb5 Kf6 47. Rb6+ (47. Nd3 Re2+ 48. Kg1 Re3 $19) (47. Nc6 Bd7
$19) 47... Kg7 48. Nxg4 hxg4 49. Kg2 Re2+ 50. Kg1 Re3 51. Kf2 Rf3+ 52. Kg2 b3
53. Rb7 Rc3 $19) 45... Kf6 46. Nd4 b4 47. Kg2 (47. Kg1 Be6 (47... Re1+ 48. Kf2
Rd1 49. Rxd1 Bxd1 50. Ke1)) 47... Be6 $19 {Now the b pawn is ready to walk.}
48. Kf3 Bd5 49. Kf2 Bc4 {Overcautious.} (49... b3 $19) 50. Kf3 Re8 51. Rb2 b3
52. Rb1 Bd5+ 53. Kf2 Rb8 54. Ne2 (54. Rb2 Ra8 $1 55. Ke3 Ra2 $19) 54... Be6 55.
Rb2 (55. Nc3 Kf5 (55... b2 56. Nd1 Rd8 57. Ke1 Rd3 58. Rxb2 Rxg3 $19) (55...
Bf5 56. Rb2 Bc2 57. Ne2 Rb4 58. Ke3 Kf5 $19)) 55... Ra8 56. Ke3 (56. Nc3 Ra2 $1
$19) 56... Ra2 57. Rb1 b2 58. Nd4 Bf5 59. Nxf5 Kxf5 60. Kf2 Ke4 61. Ke2 {
The king will eventually give way to his counterpart.} 0-1

[Event "SRB Central-ch op-A 6th"]
[Site "Paracin"]
[Date "2013.07.06"]
[Round "2"]
[White "Tosic, Miroslav"]
[Black "Atalik, Suat"]
[Result "1-0"]
[WhiteElo "2421"]
[BlackElo "2568"]
[Annotator "Atalik,S"]
[PlyCount "101"]
[EventDate "2013.07.05"]
[EventType "swiss"]
[EventRounds "9"]
[EventCountry "SRB"]
[SourceTitle "CBM 158"]
[Source "ChessBase"]
[SourceDate "2014.01.16"]
[SourceVersion "1"]
[SourceVersionDate "2014.01.16"]
[SourceQuality "1"]

1. e4 e5 2. Nf3 Nc6 3. Bb5 a6 4. Ba4 Nf6 5. d3 d6 6. c3 g6 7. O-O Bg7 8. b4 $5
{Outstandingly irregular!} O-O $6 ({I did not want to give him a draw with} 
8... b5 9. Bc2 a5 10. bxa5 Rxa5 11. Bd2 (11. a4) 11... O-O 12. a4 $11) 9. Bb3
$1 $14 a5 10. b5 Nb8 11. a4 Nbd7 12. Be3 b6 13. Nbd2 Bb7 14. Qc2 Qe7 (14... d5
15. Rfe1) 15. Rfe1 h6 16. h3 Nc5 $6 {I really did not expect neither had I
fully evaluated the consequences of a minor piece exchange on c5.} (16... d5 $2
17. exd5 Nxd5 18. d4 $16) (16... Rae8 $1 {followed by Qd8 is a standard plan
in such positions.}) 17. Bxc5 $1 $16 bxc5 (17... dxc5 18. d4 cxd4 19. cxd4 exd4
20. e5 Nd5 21. Nxd4 Nf4 22. N2f3 $16) 18. d4 Nd7 19. Rad1 Rfc8 (19... cxd4 20.
cxd4 Nb6 21. dxe5 dxe5 22. Rc1 $14 Rfc8 23. Re3 c6 24. Rc3 cxb5 25. Rc7 Nd7 26.
Qb1 $16) 20. dxe5 Nxe5 21. Nxe5 Bxe5 (21... Qxe5 22. Re3 $16) 22. Nf3 Re8 23.
Bd5 Bxd5 24. exd5 $1 (24. Rxd5 $6 Qf6 25. c4 Kg7 $14) 24... Qf6 25. Re3 Bf4 26.
Re4 Rxe4 27. Qxe4 h5 28. Re1 $16 {Here comes the critical position.} Kf8 $2 {
After all this work on calculation I did not have the balls to play against a
passer.} ({I had seen the tactical move} 28... h4 $3 29. Qe7 Qxc3 (29... Qxe7
$2 30. Rxe7 Rc8 31. Re4 g5 32. Nxh4 $16) 30. Qxc7 Qb4 31. b6 c4 32. b7 Rf8 33.
Kf1 (33. Qc8 Kg7 34. Rf1 c3 35. b8=Q Qxb8 36. Qxc3+ Be5 37. Nxe5 dxe5 38. Qxa5
Rd8 39. Rd1 Qb3 $132) 33... c3 34. Qc8 c2 (34... g5 $4 35. Re8 $18) 35. Qxc2
Qxb7 36. Qe4 Bh6 37. Qxh4 Bg7 38. Ng5 Rc8 $132) (28... Bh6) 29. g3 Bh6 30. Kg2
Rc8 31. h4 Kg8 32. c4 Kg7 33. Qc2 $5 ({Sooner or later he had to switch to} 33.
g4 hxg4 34. Qxg4 Rg8 $16) 33... Kf8 $2 {Another tactical oversight.} (33... Kg8
) 34. Qb3 $2 (34. Ng5 $1 Bxg5 35. hxg5 Qxg5 36. Qc3 Kg8 37. Qxa5 Qf6 38. Qd2
$18) 34... Rb8 35. Qc2 Ra8 36. Qe4 Rb8 37. Ng1 Bg7 38. Re3 Qe5 39. Qf3 {
He started to move fast and in a tricky way but he missed the punch.} (39. Qxe5
$6 Bxe5 $14 (39... dxe5 $5 {was my intention.} 40. Nf3 f6 (40... Re8 41. Re2 $1
e4 (41... Bf6 42. Nd2) 42. Ng5) 41. Re2 Bh6 42. Ne1 Kf7 43. Nd3 Bf8 44. f4 exf4
45. Nxf4 Bd6 46. Ne6 Rg8 $16 {is passive but solid.})) 39... Qf6 ({I had
exaggerated the power of the lateral attack with Re6 in the following line:} 
39... Qd4 $5 40. Nh3 Bf6 41. Re4 Qb2 42. Ng5 Bxg5 43. hxg5 Qc2 $8 44. Re6 Re8
45. Rf6 Re7 46. b6 cxb6 47. Rxd6 Qxc4 48. Rxb6 (48. Rxg6 $2 Re3 $3) 48... Re1
49. Rb8+ Re8) 40. Qe2 Qb2 41. Qf3 Bf6 (41... Bd4 42. Re2 (42. Re6 Qxf2+) 42...
Qc3 $14) (41... Qf6 42. Qxf6 Bxf6 $14) 42. Nh3 Kg7 (42... Re8 43. Rb3 Qa1 44.
b6 cxb6 45. Rxb6 Re1 46. Rxd6 $140 Rh1 $1 47. Qxf6 Qf1+ 48. Kf3 Qd1+ 49. Kg2
$11) 43. Ng5 Rf8 (43... Bxg5 $2 44. hxg5 Kf8 45. Qe4 $18) 44. Rb3 (44. Ne4 Be5)
44... Qd4 $6 $138 {Playing passively is the worst thing one can do in such
positions.} (44... Qa2 $1 45. b6 cxb6 46. Rxb6 Bxg5 47. hxg5 Qxc4 48. Rxd6 Qxa4
49. Qf6+ Kg8 50. Rd8 Qe4+ 51. Kf1 Qd4 52. Rxf8+ Kxf8 53. Qd8+ Kg7 54. d6 Qd1+
55. Kg2 Qd5+ 56. Kh2 Qd2 $11) 45. Ne4 Be5 (45... Bd8 $2 46. b6 cxb6 47. Nxd6
$18) 46. Qe2 Re8 $2 (46... Qa1 47. b6 cxb6 48. Rxb6 Qxa4 49. Nxd6 Bxd6 50. Rxd6
Re8 51. Qb2+ Kg8 $14 {is not clear to me at all.}) 47. Re3 (47. b6 cxb6 48.
Nxd6 Re7 49. Nc8 $18) 47... Qb2 $4 {The final blunder in a difficult position.}
({After elimination of weaker alternatives the best was} 47... Bf6 $8 48. Nxf6
Rxe3 49. Nxh5+ gxh5 50. Qxe3 Qxc4 51. Qg5+ Kf8 52. Qxh5 Qxa4 53. Qh8+ Ke7 54.
Qc8 Qe4+ 55. Kh2 Qc2 56. Qxc7+ Ke8 57. Qc8+ Ke7 58. Kh3 Qxf2 59. Qc7+ Ke8 60.
Qxd6 Qf5+ 61. Kg2 Qc2+ 62. Kf3 Qd3+ 63. Kf4 Qxb5 64. Qe5+ Kd7 65. Qf5+ Ke7 66.
d6+ Kxd6 67. Qf6+ Kc7 68. Qxf7+ Qd7 $11) (47... Qa1 48. b6 Rc8 49. b7 Rb8 50.
Rb3 $16) (47... Bxg3 $2 48. Nxg3 Rxe3 49. Qxe3 Qxc4 50. Qg5 Kh7 51. Qe7 Qxd5+
52. Kh2 g5 53. Ne4 $1 $18 (53. Nxh5 $6 Kg6 {offers some chances.})) 48. Qxb2 {
Not the only move. Anything wins!} (48. Nf6 $18) (48. Nxd6 $18) 48... Bxb2 49.
Nxd6 Rxe3 50. fxe3 Kf8 51. Nb7 1-0

[Event "Augsburg"]
[Site "Augsburg"]
[Date "2005.01.01"]
[Round "6"]
[White "Renner, Christoph"]
[Black "Atalik, Suat"]
[Result "1/2-1/2"]
[WhiteElo "2398"]
[BlackElo "2541"]
[Annotator "Atalik,S"]
[PlyCount "128"]
[EventDate "2004.12.27"]
[EventType "tourn"]
[EventRounds "11"]
[EventCountry "GER"]
[EventCategory "8"]
[SourceTitle "CBM 104 Extra"]
[Source "ChessBase"]
[SourceDate "2005.03.01"]
[SourceVersion "1"]
[SourceVersionDate "2005.03.01"]
[SourceQuality "1"]

1. e4 e5 2. Nf3 Nc6 3. Bb5 a6 4. Ba4 Nf6 5. d3 {A timid move totally coherent
with this guy's chess understanding.} d6 6. c3 Be7 $5 {I believe this is not
worst than the fianchetto.} 7. Nbd2 O-O 8. Nf1 (8. O-O {is a nasty alternative.
In many of systems possible after this black has to count tempi in comparison
with the regular line after d3-d4.} b5 9. Bc2 Re8 (9... d5 $5) 10. Re1 Bb7 (
10... Bf8 11. Nf1 g6 12. Ng3 Bg7 {is also possible.}) 11. Nf1 h6 12. Ng3 Bf8
13. d4 g6 $11) 8... b5 9. Bb3 (9. Bc2 $6 {is not that effective now because of
the weakness in c4 square!} d5 10. Qe2 Be6 $1 (10... dxe4 11. dxe4 Be6 12. Ne3
Ng4 $11) 11. Ne3 (11. exd5 Nxd5) 11... d4 12. cxd4 Bb4+ 13. Bd2 Nxd4 $17) 9...
Na5 10. Bc2 c5 {Now white has a choice to poste his knight between two squares.
} 11. Ng3 (11. Ne3 Nc6 12. O-O Be6 $1 {This move which was even played by
Capablanca in a analogue position is the best according to Ivan. Actually in
these systems with d3 in Italian or Spanish games white is looking for to push
d4 rather than slow ideas with h3, Nh2-g4, Qf3.} 13. Ng5 (13. d4 cxd4 14. cxd4
exd4 15. Nxd4 Nxd4 16. Qxd4 Rc8 17. Bb3 Re8 18. Rd1 Bf8 $132) 13... Bd7 $13)
11... Nc6 12. O-O h6 (12... d5 $5 13. exd5 Qxd5 $132) (12... Be6 $6 13. Ng5 Bg4
14. f3 Bd7 15. f4 $14) 13. h3 Be6 $1 {Like I have mentioned above I have a
preference for this one over other systems because it directly interfers with
whites main idea namely d3-d4.} 14. d4 $6 (14. Re1 Rc8 15. Nh2 Nh7 16. Ng4 Bg5
$132) 14... cxd4 15. cxd4 exd4 16. Nxd4 Nxd4 17. Qxd4 Rc8 18. Bb3 d5 19. e5 Nd7
{The first critical position in the game.} 20. Bf4 $5 {Is this a blunder? Hard
to say so.} (20. Re1 Bc5 21. Qd3 Qh4 22. Bc2 g6) (20. Rd1 $2 Bc5 21. Qf4 f6 $17
) (20. Be3 $6 Bc5 21. Qd2 d4 $1 (21... Nxe5 $6 22. Bxc5 Rxc5 23. Qd4 Nd7 24. f4
Qf6 25. Qf2 $44) 22. Bxd4 Nxe5 23. Bxe6 fxe6 $17) 20... g5 $1 {This is very
effective since there is nothing to worry about kingside weakness.} (20... Bc5
$6 21. Qd2 g5 22. Be3 d4 23. Bxd4 Nxe5 24. Rfd1 $11 {is more or less equal.})
21. Be3 (21. Nh5 $2 gxf4 $1 (21... Bc5 $2 22. Qd3 gxf4 23. Bc2 f5 24. exf6 $40)
22. Qxf4 Bh4 $1 23. Qxh6 Qg5 $19) 21... Nxe5 22. Nh5 $2 {He had to get the
pawn back!} (22. Bxg5 $1 Nc6 $1 (22... Bxg5 23. Qxe5 $44) (22... Nf3+ 23. gxf3
hxg5 24. Nh5 f6 25. Rfe1 $44) 23. Bxe7 Nxd4 24. Bxd8 Rfxd8 25. Rfc1 {Despite
of the looks this ain't no clear if black has the means to convert his
advantage.} Rxc1+ 26. Rxc1 Nxb3 27. axb3 d4 $15) 22... f6 23. Rad1 {He offered
a draw. He was way behind in the clock as well as being a pawn down. Probably
this offer sounded funny for him.} Nc4 24. Bc1 Qe8 25. Rfe1 Rc6 26. Ng3 Qf7 27.
Bc2 Bb4 28. Rf1 Rfc8 $2 {Not only I was not really ticked off about his draw
offer I was taking some normal amount of time before every move, but 29.Bf5
simply did not cross to my mind. In my mind this square was only accessible to
white's knight.} ({The only thing I had to do in order to convert my advantage
was to push} 28... f5 $1 29. b3 Bc5 30. Qc3 b4 31. Qe1 f4 $19) (28... Bc5 29.
Qd3 f5 $1 (29... Ne5 30. Qe2 Rfc8 31. Nf5 $44) 30. Ne2 f4 31. Nd4 Ne5 32. Qe2
Bxd4 33. Rxd4 Qc7 34. Bb3 f3 $19) 29. Bf5 $1 $15 {After this I have lost my
mental composure.} Rd8 {I had to start from the scratch!} (29... Bc5 30. Bxe6
Qxe6 31. Qxd5 Qxd5 32. Rxd5 $11) 30. b3 Bc5 31. Qa1 $1 Nd6 32. Bd3 Rcc8 $2 {
But this was a real mistake!} (32... f5 33. Qe5 Qg6 $1 34. Rfe1 Nf7 35. Qe2 $15
) 33. Kh1 h5 34. Bb2 Rf8 (34... g4 $2 35. hxg4 hxg4 36. Bxf6 Rf8 37. Bd4 $14 {
There is nothing to worry on the h line for white.}) 35. f4 g4 36. f5 Bd7 37.
h4 $1 Rce8 38. Bd4 Bxd4 39. Qxd4 Re5 40. Qb6 Qe7 {The time trouble was over.}
41. Nxh5 $2 {This capture has caught me surprised.} (41. Qxa6 $142 Be8 $13 {
is very messy.} (41... Re3 $2 42. Nxh5 Qh7 43. Qxd6 Qxh5 44. g3 $16)) 41...
Bxf5 (41... Qh7 $6 42. Qxd6 Qxh5 43. g3 $14) (41... Nxf5 42. Bxf5 Bxf5 $15 {
is not the type of exchange I was heading for.}) 42. Nf4 Ne4 $2 {With NvsB
type of positions after my continuation he comes close to have a draw!} (42...
g3 $1 43. Bxf5 (43. Rf3 Re1+ 44. Rxe1 Qxe1+ 45. Rf1 Qe5 46. Bxf5 Nxf5 47. Qe6+
Qxe6 48. Nxe6 Rc8 $19) 43... Nxf5 44. Ng6 Qh7 45. Rxf5 Rxf5 46. Qe6+ Kg7 47.
Qxf5 Qxg6 48. Rxd5 Re8 $19) (42... Bxd3 $5 43. Rxd3 Re1 44. Qf2 Rxf1+ 45. Qxf1
Ne4 $17) 43. Bxe4 Bxe4 44. Qf2 Qg7 45. Qg3 Rfe8 (45... Rc8 46. Rc1 Rxc1 47.
Rxc1 $44) 46. Rd2 Rc8 $1 {With a small trick I have gained the control over c
line but is this enough to win the game I won't say so.} 47. Rfd1 Qd7 48. Kh2 {
With this move he was threatening Nd5 which I have missed.} (48. Nxd5 $4 {
is not working yet.} Rxd5 49. Rxd5 Bxd5 50. Rxd5 Rc1+) (48. Nd3 Bxd3 49. Rxd3
Qe6 $17) 48... Qf5 $2 {Simply overlooking his threat!} (48... Kh7 49. Rd4 Qf5
50. R1d2 $44 {and the game continues.}) 49. Nxd5 $1 $11 {This had an effect of
cold shower on me.} Bxd5 50. Rxd5 Rxd5 51. Rxd5 Qxd5 52. Qxg4+ Kf7 53. Qxc8
Qd6+ $1 $11 {I have found it after the cold shower!} 54. g3 (54. Kh3 Qd3+ 55.
Kg4 Qe2+ $11) 54... Qd2+ 55. Kh3 Qxa2 {Now it is obvious that there is a
balance in the material department as well as in the appreciation of the
position.} 56. Qd7+ Kf8 57. Qe6 (57. Qd6+ Kf7 58. Qd3 Qa1 $11) 57... Qa1 58.
Kg4 Qd1+ 59. Kh3 (59. Kf4 Qf1+ 60. Ke4 Qe2+ 61. Kd5 Qxe6+ 62. Kxe6 a5 63. Kd5
f5 64. Kc5 a4 65. bxa4 bxa4 66. Kb4 Kg7 67. Kxa4 Kg6 68. Kb5 Kh5 69. Kc5 Kg4
70. Kd5 f4 (70... Kxg3 71. h5 f4 $11) 71. gxf4 Kxf4 $11) 59... Qf3 {As he did
not give the perpetual I have also felt like not going for it. All this looks
like a fight between two children in their backyard they really cannot step
back from proving their ego to each other.} 60. Qxa6 Qh1+ 61. Kg4 Qe4+ 62. Kh3
$11 {Now it is finally a draw!} (62. Kh5 Qh7+ 63. Kg4 Qe4+ $11) 62... Qh1+ 63.
Kg4 Qe4+ 64. Kh3 Qh1+ 1/2-1/2